000 00652nam a2200205 i 4500
001 14329
003 ES-MaACL
005 20230906150756.0
007 t|
008 981211s1997 sp ||||1| spa d
020 _a84-605-6611-0
080 _a929 Font, Lina (082.2)
245 0 0 _aEn recuerdo de Lina Font Grau /
_c[coordinador] Francisco Gómez-Plana S-C.
260 _a[Barcelona] :
_bF. Gómez-Plana S-C,
_c[1997]
300 _a[66] h. :
_bil. ;
_c21 cm.
500 _aTit. tomado de la cub.
600 1 4 _aFont, Lina-
_vHomenajes.
_951544
700 1 _aGómez-Plana Sánchez-Cosío, Francisco.
_958118
852 _aES-MaACL
_jL-21568
_bR.126443
999 _c14329
_d14329